我可以和猫聊一整天,却没法跟人说半句话 (Record no. 69878)

000 -LEADER
fixed length control field 00571nam a22001937a 4500
003 - CONTROL NUMBER IDENTIFIER
control field MPLRDC
005 - DATE AND TIME OF LATEST TRANSACTION
control field 20220105061154.0
008 - FIXED-LENGTH DATA ELEMENTS--GENERAL INFORMATION
fixed length control field 210129b ||||| |||| 00| 0 eng d
020 ## - INTERNATIONAL STANDARD BOOK NUMBER
International Standard Book Number 978-986-6613-81-4
082 ## - DEWEY DECIMAL CLASSIFICATION NUMBER
Classification number 177.2 ADA
100 ## - MAIN ENTRY--PERSONAL NAME
Personal name 史考特·亚当斯 SCOTT ADAMS
245 ## - TITLE STATEMENT
Title 我可以和猫聊一整天,却没法跟人说半句话
Statement of responsibility, etc. 洪慧芳 译
250 ## - EDITION STATEMENT
Edition statement 初版一刷
260 ## - PUBLICATION, DISTRIBUTION, ETC.
Place of publication, distribution, etc. 台湾
Name of publisher, distributor, etc. 早安财经文化有限公司
Date of publication, distribution, etc. 2016
300 ## - PHYSICAL DESCRIPTION
Other physical details
520 ## - SUMMARY, ETC.
Summary, etc. 新书上架 2018-09-16。
650 ## - SUBJECT ADDED ENTRY--TOPICAL TERM
Topical term or geographic name entry element 成功的人生
942 ## - ADDED ENTRY ELEMENTS (KOHA)
Koha item type Book
-- 177.2 ADA

No items available.

© 2022. Malaysian Public Library, Research and Development Centre. All Right ReservedE-mailmplrdc@help.edu.my 

Powered by Koha